00000000nam 2200000zi 4500
0019.928653
003CaOODSP
00520240703102707
006m     o  d f      
007cr |n|||||||||
008231012s2022    onc     o    f|0| 0 eng d
040 |aCaOODSP|beng|erda|cCaOODSP
043 |an-cn---
0861 |aA104-404/2022E-PDF
24504|aThe path to revoking a primary control zone.
264 1|a[Ottawa] : |bCanadian Food Inspection Agency = Agence canadienne d'inspection des aliments, |c[2022]
300 |a1 online resource (1 page)
336 |atext|btxt|2rdacontent
337 |acomputer|bc|2rdamedia
338 |aonline resource|bcr|2rdacarrier
500 |aIssued also in French under title: Vers la révocation d’une zone de contrôle primaire.
500 |aCaption title.
650 0|aAvian influenza|zCanada|xPrevention.
650 0|aDisinfection and disinfectants|xIndustrial applications.
7102 |aCanadian Food Inspection Agency, |eissuing body.
77508|tVers la révocation d'une zone de contrôle primaire.|w(CaOODSP)9.928656
85640|qPDF|s210 KB|uhttps://publications.gc.ca/collections/collection_2023/acia-cfia/A104-404-2022-eng.pdf
85641|qHTML|sN/A|uhttps://inspection.canada.ca/animal-health/terrestrial-animals/diseases/reportable/avian-influenza/the-path-to-revoking-a-primary-control-zone/eng/1654648457092/1654648457435